[Event "Mumbai Wealth rating op 4th"]
[Site "Mumbai"]
[Date "2019.01.05"]
[Round "7"]
[White "Deepak, Rai"]
[Black "Rushyendra, Chowdary Kantipudi"]
[Result "1-0"]
[WhiteElo "1710"]
[BlackElo "1527"]
[PlyCount "69"]
[EventDate "2018.12.30"]
[EventType "swiss"]
[EventRounds "9"]
[EventCountry "IND"]
[SourceTitle "CBM 188 Extra"]
[Source "ChessBase"]
[SourceDate "2019.02.26"]
[SourceVersion "1"]
[SourceVersionDate "2019.02.26"]
[SourceQuality "1"]

1. d4 d5 2. Bf4 Bf5 3. e3 e6 4. Bd3 Bxd3 5. Qxd3 c6 6. Nf3 Nf6 7. Nbd2 Nbd7 8. 0-0 Be7 9. c4 0-0 10. h3 h6 11. c5 b6 12. b4 a5 13. a3 b5 14. a4 bxa4 15. b5 Qc8 16. Rfc1 Qb7 17. b6 Ra6 18. Rxa4 Rfa8 19. Nb3 Ne4 20. Bc7 f6 21. Nfd2 Nxd2 22. Qxd2 Qc8 23. Rca1 Qe8 24. Rxa5 Qc8 25. R1a4 Bd8 26. Rxa6 Rxa6 27. Rxa6 Bxc7 28. Qa2 Bb8 29. Ra8 Qe8 30. Qa7 e5 31. Rxb8 Nxb8 32. Qc7 Kh7 33. b7 exd4 34. Nxd4 Qe5 35. Qc8 1-0

[Event "Mumbai Wealth op U13 4th"]
[Site "Mumbai"]
[Date "2019.01.03"]
[Round "5"]
[White "Rushyendra, Chowdary Kantipudi"]
[Black "Kadam, Om Manish"]
[Result "0-1"]
[WhiteElo "1527"]
[BlackElo "1944"]
[PlyCount "92"]
[EventDate "2018.12.30"]
[EventType "swiss"]
[EventRounds "9"]
[EventCountry "IND"]
[SourceTitle "CBM 188 Extra"]
[Source "ChessBase"]
[SourceDate "2019.02.26"]
[SourceVersion "1"]
[SourceVersionDate "2019.02.26"]
[SourceQuality "1"]

1. e4 c5 2. Nf3 d6 3. d4 cxd4 4. Qxd4 a6 5. Bc4 Nc6 6. Qe3 e6 7. Nc3 Nf6 8. h3 Be7 9. Nd4 0-0 10. Bd2 Bd7 11. g4 d5 12. Bd3 e5 13. Nxc6 Bxc6 14. exd5 Nxd5 15. Nxd5 Qxd5 16. Rg1 Rad8 17. Bc3 Bc5 18. Qg3 e4 19. Be2 e3 20. fxe3 Bxe3 21. Qxe3 Rfe8 22. Qd4 Rxe2+ 23. Kd1 Qxd4+ 24. Bxd4 Bf3 25. c3 Rg2+ 26. Ke1 Rxb2 27. Rg3 Re8+ 28. Kf1 Bd5 29. Re3 Rxe3 30. Bxe3 Bxa2 31. Rd1 Bc4+ 32. Kg1 h6 33. Rd2 Rxd2 34. Bxd2 a5 35. Be3 Kf8 36. Bb6 a4 37. Bc5+ Ke8 38. Kf2 Kd7 39. Ke3 Ke6 40. h4 g6 41. Kf4 Kd5 42. Bb4 Bf1 43. g5 hxg5+ 44. hxg5 Kc4 45. Ke3 Kb3 46. Kd2 a3 0-1

[Event "Mumbai Wealth op U13 4th"]
[Site "Mumbai"]
[Date "2018.12.31"]
[Round "2"]
[White "Rushyendra, Chowdary Kantipudi"]
[Black "Parab, Ram Vishal"]
[Result "0-1"]
[WhiteElo "1527"]
[BlackElo "1242"]
[PlyCount "100"]
[EventDate "2018.12.30"]
[EventType "swiss"]
[EventRounds "9"]
[EventCountry "IND"]
[SourceTitle "CBM 188 Extra"]
[Source "ChessBase"]
[SourceDate "2019.02.26"]
[SourceVersion "1"]
[SourceVersionDate "2019.02.26"]
[SourceQuality "1"]

1. e4 e5 2. Nf3 Nc6 3. Bb5 Bc5 4. Bxc6 dxc6 5. d3 Nf6 6. 0-0 Qd6 7. Nbd2 0-0 8. Nc4 Qe7 9. Ncxe5 Be6 10. Qe2 Rad8 11. Bg5 h6 12. Bh4 g5 13. Nxg5 hxg5 14. Bxg5 Bd4 15. Nxc6 bxc6 16. c3 Be5 17. d4 Qd6 18. dxe5 Qxe5 19. f4 Qc5+ 20. Kh1 Bc4 21. Qf3 Rd3 22. Qe2 Re3 23. Qd1 Bxf1 24. Bxf6 Be2 25. Qe1 Qh5 26. e5 Qg4 27. Qf2 Re4 28. Bg5 Bd1 29. h3 Qe2 30. Qc5 Qf1+ 31. Kh2 Re1 32. Rxd1 Rxd1 33. Bh6 Qh1+ 34. Kg3 Rd3+ 35. Kh4 Qe1+ 36. Kh5 Qe2+ 37. Kh4 Re8 38. Qxc6 Re6 39. Qa8+ Kh7 40. Bg5 Qf2+ 41. Kh5 Rg3 42. Qe4+ Rg6 43. e6 f5 44. e7 fxe4 45. e8Q R3xg5+ 46. fxg5 Qf5 47. Qe7+ Rg7 48. Qd8 Rxg5+ 49. Qxg5 Qxg5+ 50. Kxg5 e3 0-1